书目信息 |
| 题名: |
现代细胞化学技术及其在中西医药中的应用
|
|
| 作者: | 谢锦玉 | |
| 分册: | ||
| 出版信息: | 北京 中医古籍出版社 1998 |
|
| 页数: | 238 | |
| 开本: | 26cm | |
| 丛书名: | ||
| 单 册: | ||
| 中图分类: | Q26 | |
| 科图分类: | ||
| 主题词: | 细胞学:生物化学 | |
| 电子资源: | ||
| ISBN: | 7-80013-749-X | |
| 000 | 00578nam0 2200181 450 | |
| 001 | 0741144344 | |
| 005 | 20070817112544.34 | |
| 010 | @a7-80013-749-X@d¥66.00 | |
| 100 | @a20070817d km y0chiy0120 ea | |
| 101 | 0 | @achi |
| 200 | 1 | @a现代细胞化学技术及其在中西医药中的应用@Axian dai xi bao hua xue ji shu ji qi zai zhong xi yi yao zhong de ying yong@f谢锦玉@Fxie jin yu |
| 210 | @a北京@c中医古籍出版社@d1998 | |
| 215 | @a238@c插图@d26cm | |
| 606 | 0 | @a细胞学:生物化学 |
| 690 | @aQ26@v3 | |
| 701 | 0 | @a谢锦玉@Axie jin yu |
| 801 | 0 | @aCN@bPFT@c20070817 |
| 905 | @a213230@dQ26@en3@f1 | |
| 现代细胞化学技术及其在中西医药中的应用/谢锦玉.-北京:中医古籍出版社,1998 |
| 238:插图;26cm |
| ISBN 7-80013-749-X:¥66.00 |
| ● |
| 相关链接 |
|
|
|
|
正题名:现代细胞化学技术及其在中西医药中的应用
索取号:Q26/n3
 
预约/预借
| 序号 | 登录号 | 条形码 | 馆藏地/架位号 | 状态 | 备注 |
| 1 | 6600947 | 266009473 | 密集书库-生命科学系/ [索取号:Q26/n3] | 在馆 |